000 00731nam a2200193Ia 4500
999 _c2622
_d2622
003 DO-SdBJH
005 20180416034010.0
008 180414s9999 dr 000 0 spa d
040 _aDO-SdBJH
_bspa
_cDO-SdBJH
090 _aDM FM 100-17-3 2005
110 _aInstituto de Cooperación para la Seguridad Hemisférica
245 1 0 _aFM 100-17-3 Recepción, escala, movimiento hacia adelante e integración / Instituto de Cooperación para la Seguridad Hemisférica
260 _aFuerte Benning, Georgia : Cuartel General Secretaría del Ejército, 2005
300 _avii, 91 páginas en varias paginaciones
504 _aIncluye apéndices
650 4 _aAdiestramiento
650 4 _aDoctrina -- Integración
942 _2ddc
_cBK